000 00591nam a2200193Ia 4500
003 GCL
008 140319s9999 xx 000 0 ara d
040 _aGCL /
_cGCL
082 0 4 _a214.8
_bح ف
100 1 _aحسين مجيب المصرى
245 1 0 _aفى الادب الشعبى الاسلامى المقارن /
_cحسين مجيب المصرى
260 _a[S.N] :
_bمكتبة الانجلوالمصرية ،
_c1980
300 _a339 ص
490 _a
650 0 4 _aالاسلام
650 0 4 _aالادب الشعبى
650 0 4 _aالادب الدينى
942 _2ddc
_cBK
999 _c31796
_d31796